|
|
|
|
| LEADER |
01737nam a2200421 i 4500 |
| 001 |
EBC4820263 |
| 003 |
MiAaPQ |
| 005 |
20200520144314.0 |
| 006 |
m o d | |
| 007 |
cr cnu|||||||| |
| 008 |
170314t20162016caua o 001 0 eng d |
| 020 |
|
|
|z 9789221310020
|
| 020 |
|
|
|a 9789221310037
|q (electronic bk.)
|
| 035 |
|
|
|a (MiAaPQ)EBC4820263
|
| 035 |
|
|
|a (Au-PeEL)EBL4820263
|
| 035 |
|
|
|a (CaPaEBR)ebr11358935
|
| 035 |
|
|
|a (OCoLC)979114957
|
| 040 |
|
|
|a MiAaPQ
|b eng
|e rda
|e pn
|c MiAaPQ
|d MiAaPQ
|
| 050 |
|
4 |
|a HC79.P6
|b .T736 2016
|
| 082 |
0 |
|
|a 339.46
|2 23
|
| 245 |
0 |
0 |
|a Transformation of women at work in Asia :
|b an unfinished development agenda /
|c edited by Sukti Dasgupta and Sher Singh Verick.
|
| 264 |
|
1 |
|a Los Angeles, [California] :
|b Sage,
|c 2016.
|
| 264 |
|
4 |
|c 2016
|
| 300 |
|
|
|a 1 online resource (328 pages) :
|b illustrations, tables
|
| 336 |
|
|
|a text
|2 rdacontent
|
| 337 |
|
|
|a computer
|2 rdamedia
|
| 338 |
|
|
|a online resource
|2 rdacarrier
|
| 500 |
|
|
|a Includes index.
|
| 588 |
|
|
|a Description based on online resource; title from PDF title page (ebrary, viewed March 14, 2017).
|
| 590 |
|
|
|a Electronic reproduction. Ann Arbor, MI : ProQuest, 2016. Available via World Wide Web. Access may be limited to ProQuest affiliated libraries.
|
| 650 |
|
0 |
|a Poverty.
|
| 650 |
|
0 |
|a Women.
|
| 655 |
|
4 |
|a Electronic books.
|
| 700 |
1 |
|
|a Verick, Sher Singh,
|e editor.
|
| 700 |
1 |
|
|a Dasgupta, Sukti,
|e editor.
|
| 776 |
0 |
8 |
|i Print version:
|t Transformation of women at work in Asia : an unfinished development agenda.
|d Los Angeles, [California] : Sage, c2016
|h 312 pages
|z 9789221310020
|
| 797 |
2 |
|
|a ProQuest (Firm)
|
| 856 |
4 |
0 |
|u https://ebookcentral.proquest.com/lib/matrademy/detail.action?docID=4820263
|z Click to View
|